[Event "Ricany op-A"]
[Site "Ricany"]
[Date "2017.08.31"]
[Round "7"]
[White "Otrubova, Kristyna"]
[Black "Hlavacek, Ondrej"]
[Result "1/2-1/2"]
[WhiteElo "1758"]
[BlackElo "1773"]
[PlyCount "94"]
[EventDate "2017.08.26"]
[EventType "swiss"]
[EventRounds "9"]
[EventCountry "CZE"]
[SourceTitle "CBM 180 Extra"]
[Source "ChessBase"]
[SourceDate "2017.10.06"]
[SourceVersion "1"]
[SourceVersionDate "2017.10.06"]
[SourceQuality "1"]

1. d4 Nf6 2. c4 e6 3. Nc3 Bb4 4. e3 d5 5. Nge2 0-0 6. a3 Be7 7. cxd5 Nxd5 8. g3 Nxc3 9. Nxc3 Bf6 10. Bg2 c5 11. dxc5 Bxc3+ 12. bxc3 Qxd1+ 13. Kxd1 Nd7 14. Ke2 Nxc5 15. Rd1 Rb8 16. Rb1 b6 17. f3 Ba6+ 18. Kf2 Rbd8 19. Bb2 Rxd1 20. Rxd1 Nd3+ 21. Rxd3 Bxd3 22. Bf1 Rd8 23. Bxd3 Rxd3 24. Ke2 Rd5 25. h4 Rb5 26. Bc1 Rd5 27. e4 Rd7 28. Be3 e5 29. f4 exf4 30. gxf4 Kf8 31. Bd4 g6 32. Kd3 Ke7 33. Kc4 Kd6 34. a4 Kc6 35. Kb3 a6 36. Kc4 b5+ 37. axb5+ axb5+ 38. Kd3 Rb7 39. Ke3 b4 40. cxb4 Rxb4 41. f5 gxf5 42. exf5 Rxd4 43. Kxd4 Kd6 44. h5 h6 45. Ke4 f6 46. Kd4 Kc6 47. Kc4 Kd6 1/2-1/2

[Event "Ricany op"]
[Site "Ricany"]
[Date "2016.09.02"]
[Round "8"]
[White "Civin, Dominik"]
[Black "Hlavacek, Ondrej"]
[Result "1/2-1/2"]
[WhiteElo "1777"]
[BlackElo "1591"]
[PlyCount "43"]
[EventDate "2016.08.27"]
[EventType "swiss"]
[EventRounds "9"]
[EventCountry "CZE"]
[SourceTitle "CBM 174 Extra"]
[Source "ChessBase"]
[SourceDate "2016.10.10"]
[SourceVersion "1"]
[SourceVersionDate "2016.10.10"]
[SourceQuality "1"]

1. e4 c5 2. c4 Nc6 3. Nc3 g6 4. g3 Bg7 5. Bg2 d6 6. d3 e6 7. Nge2 Nge7 8. 0-0 0-0 9. f4 f5 10. Be3 Bd7 11. e5 dxe5 12. Bxc5 Rc8 13. Bd6 b6 14. Re1 Re8 15. fxe5 Bxe5 16. Bxe5 Nxe5 17. Nd4 N7c6 18. Ncb5 Nxd4 19. Nxd4 Bc6 20. Nxc6 Nxc6 21. Bxc6 Rxc6 22. Re3 1/2-1/2

[Event "Ricany op"]
[Site "Ricany"]
[Date "2016.09.01"]
[Round "7"]
[White "Hlavacek, Ondrej"]
[Black "Vorackova, Jarmila"]
[Result "1/2-1/2"]
[WhiteElo "1591"]
[BlackElo "1878"]
[PlyCount "54"]
[EventDate "2016.08.27"]
[EventType "swiss"]
[EventRounds "9"]
[EventCountry "CZE"]
[SourceTitle "CBM 174 Extra"]
[Source "ChessBase"]
[SourceDate "2016.10.10"]
[SourceVersion "1"]
[SourceVersionDate "2016.10.10"]
[SourceQuality "1"]

1. Nf3 Nf6 2. g3 g6 3. Bg2 Bg7 4. 0-0 0-0 5. e3 d5 6. d4 Re8 7. b3 Nbd7 8. Bb2 c6 9. Nbd2 e5 10. dxe5 Ng4 11. c4 Ngxe5 12. Nxe5 Nxe5 13. cxd5 cxd5 14. Bxe5 Bxe5 15. Rc1 Be6 16. Nf3 Bg7 17. Nd4 Bxd4 18. Qxd4 Qa5 19. Qb2 Rac8 20. b4 Qa4 21. a3 b6 22. Rxc8 Rxc8 23. Rc1 Rc4 24. Bf1 Rxc1 25. Qxc1 a5 26. bxa5 bxa5 27. Bg2 Qb3 1/2-1/2

[Event "SVK-ch op"]
[Site "Banska Stiavnica"]
[Date "2015.07.09"]
[Round "6"]
[White "Hlavacek, Ondrej"]
[Black "Wasik, Jozef"]
[Result "0-1"]
[WhiteElo "1824"]
[BlackElo "1849"]
[PlyCount "60"]
[EventDate "2015.07.04"]
[EventType "swiss"]
[EventRounds "9"]
[EventCountry "SVK"]
[SourceTitle "CBM 167 Extra"]
[Source "ChessBase"]
[SourceDate "2015.09.14"]
[SourceVersion "1"]
[SourceVersionDate "2015.09.14"]
[SourceQuality "1"]

1. d4 d5 2. c4 c6 3. Nf3 Nf6 4. e3 g6 5. Nc3 Bg7 6. b3 0-0 7. Bd3 c5 8. Bb2 Nc6 9. cxd5 Nxd5 10. Be4 Nxc3 11. Bxc3 Qb6 12. 0-0 Rd8 13. Bxc6 Qxc6 14. Qc1 Bg4 15. Ne5 Bxe5 16. dxe5 Rd3 17. f3 Be6 18. Rd1 Rad8 19. Qc2 Qd7 20. Rd2 Rxd2 21. Bxd2 Qxd2 22. Qxc5 Qb2 23. Qc1 Rd2 24. Qxb2 Rxb2 25. e4 h5 26. h3 h4 27. Kf1 Bd7 28. Rd1 Bb5+ 29. Kg1 Rxa2 30. Rd8+ Kg7 0-1

[Event "SVK-ch op"]
[Site "Banska Stiavnica"]
[Date "2015.07.06"]
[Round "3"]
[White "Galbavy, Dusan"]
[Black "Hlavacek, Ondrej"]
[Result "1/2-1/2"]
[WhiteElo "1943"]
[BlackElo "1824"]
[PlyCount "116"]
[EventDate "2015.07.04"]
[EventType "swiss"]
[EventRounds "9"]
[EventCountry "SVK"]
[SourceTitle "CBM 167 Extra"]
[Source "ChessBase"]
[SourceDate "2015.09.14"]
[SourceVersion "1"]
[SourceVersionDate "2015.09.14"]
[SourceQuality "1"]

1. e4 c5 2. Nc3 e6 3. f4 d5 4. e5 Nc6 5. Nf3 a6 6. d3 b5 7. g3 Bb7 8. Bg2 h5 9. h3 Be7 10. Ne2 Qc7 11. c3 0-0-0 12. Bd2 Nh6 13. a4 f6 14. axb5 axb5 15. d4 c4 16. b4 f5 17. Ng5 Qd7 18. 0-0 g6 19. Qc2 Rdf8 20. Ra3 Nf7 21. Rfa1 Kc7 22. g4 hxg4 23. hxg4 Nh6 24. gxf5 gxf5 25. Be1 Rfg8 26. Qd2 Bxg5 27. fxg5 Nf7 28. g6 Rxg6 29. Nf4 Rgh6 30. Bxd5 exd5 31. e6 Rh1+ 32. Kg2 R8h2+ 33. Kg3 Rxd2 34. exd7 Rdh2 35. Bf2 Rxa1 36. Rxa1 Rh8 37. Ne6+ Kxd7 38. Nc5+ Kc7 39. Kf4 Nd6 40. Rg1 Rh7 41. Kf3 Rh3+ 42. Bg3 Kc8 43. Kg2 Rh6 44. Rf1 Ne4 45. Rxf5 Nxc5 46. bxc5 Re6 47. Rf7 Re7 48. Rf8+ Kd7 49. Bd6 Rg7+ 50. Kh3 Nd8 51. Rh8 Bc6 52. Be5 Rf7 53. Rh6 Rf3+ 54. Kg4 Rxc3 55. Rh7+ Ke8 56. Rh8+ Kd7 57. Rh7+ Ke6 58. Rh6+ Kd7 1/2-1/2

[Event "Mlada Boleslav Region-ch U20"]
[Site "Mlada Boleslav"]
[Date "2014.06.21"]
[Round "1"]
[White "Hlavacek, Ondrej"]
[Black "Balek, Filip"]
[Result "1/2-1/2"]
[WhiteElo "1265"]
[BlackElo "1495"]
[PlyCount "54"]
[EventDate "2014.06.21"]
[EventType "swiss"]
[EventRounds "7"]
[EventCountry "CZE"]
[SourceTitle "EXT 2016"]
[Source "ChessBase"]
[SourceDate "2015.10.08"]
[SourceVersion "1"]
[SourceVersionDate "2015.10.08"]
[SourceQuality "1"]

1. Nf3 c6 2. d4 d5 3. Bf4 Bf5 4. Nc3 Nf6 5. e3 e6 6. a3 Be7 7. h3 0-0 8. Bd3 Bxd3 9. Qxd3 c5 10. dxc5 Bxc5 11. Qb5 Bb6 12. Ne5 Nh5 13. Bh2 Qg5 14. 0-0 Na6 15. Nd7 Nc7 16. Qb3 Rfc8 17. Nxb6 axb6 18. Qxb6 Ne8 19. Qxb7 Nef6 20. Nb5 Rf8 21. Bd6 Rfd8 22. Bc7 Rf8 23. Nd6 Qg6 24. c3 Ra4 25. b4 Qc2 26. Rac1 Qb2 27. Nb5 Ne4 1/2-1/2

[Event "CZE-ch U14"]
[Site "Kouty nad Desnou"]
[Date "2010.03.13"]
[Round "9"]
[White "Hlavacek, Ondrej"]
[Black "Saucuk, Martin"]
[Result "1-0"]
[WhiteElo "1609"]
[BlackElo "1764"]
[PlyCount "135"]
[EventDate "2010.03.06"]
[EventType "swiss"]
[EventRounds "9"]
[EventCountry "CZE"]
[SourceTitle "EXT 2012"]
[Source "ChessBase"]
[SourceDate "2011.11.24"]
[SourceVersion "1"]
[SourceVersionDate "2011.11.24"]
[SourceQuality "1"]

1. d4 d5 2. c4 c6 3. Nc3 Nf6 4. Bg5 e6 5. e3 Nbd7 6. Nf3 dxc4 7. Bxc4 b5 8. Bd3 a6 9. Qc2 Bb7 10. Ne4 h6 11. Bf4 Nxe4 12. Bxe4 Bb4+ 13. Nd2 0-0 14. 0-0 e5 15. dxe5 Nxe5 16. Bxe5 Qxd2 17. Qxd2 Bxd2 18. Bc7 Rac8 19. Bb6 f5 20. Bf3 Bb4 21. Rfd1 Rf6 22. Rd7 Ba8 23. Ra7 c5 24. Bxc5 Bxc5 25. Rxa8 Rxa8 26. Bxa8 Rd6 27. Kf1 Rd2 28. Rc1 Be7 29. Rc6 Rxb2 30. Rxa6 b4 31. Bd5+ Kh7 32. Be6 Kg6 33. Ra5 Kf6 34. Bxf5 Bd8 35. Ra8 Kxf5 36. Rxd8 Rxa2 37. Rb8 Rb2 38. f3 b3 39. Rb5+ Ke6 40. e4 Rb1+ 41. Kf2 b2 42. f4 Rh1 43. Rxb2 Rxh2 44. Rb6+ Ke7 45. Kg3 Rh1 46. Kg4 Re1 47. Kf5 Re2 48. g4 Ra2 49. Rb7+ Kf8 50. e5 Ra6 51. Rd7 Rb6 52. Rd6 Rb7 53. Rc6 Kf7 54. Rc4 Ra7 55. Ke4 Rd7 56. f5 Ra7 57. Kd5 Rb7 58. Kd6 Rb1 59. Rc7+ Kf8 60. Ke6 Rb6+ 61. Kd7 Rb1 62. Rc8+ Kf7 63. e6+ Kf6 64. Rf8+ Ke5 65. Rf7 Rd1+ 66. Ke7 Ra1 67. Kf8 g6 68. e7 1-0

[Event "CZE-ch U14"]
[Site "Kouty nad Desnou"]
[Date "2010.03.12"]
[Round "8"]
[White "Novak, Jiri1"]
[Black "Hlavacek, Ondrej"]
[Result "1/2-1/2"]
[WhiteElo "1684"]
[BlackElo "1609"]
[PlyCount "45"]
[EventDate "2010.03.06"]
[EventType "swiss"]
[EventRounds "9"]
[EventCountry "CZE"]
[SourceTitle "EXT 2012"]
[Source "ChessBase"]
[SourceDate "2011.11.24"]
[SourceVersion "1"]
[SourceVersionDate "2011.11.24"]
[SourceQuality "1"]

1. e4 Nc6 2. d4 d5 3. exd5 Qxd5 4. Nf3 Bg4 5. Nc3 Qd6 6. Nb5 Qd7 7. Bf4 e5 8. dxe5 0-0-0 9. Qxd7+ Rxd7 10. Be2 a6 11. Nc3 Bb4 12. 0-0 Bxc3 13. bxc3 Nge7 14. Rfd1 Rxd1+ 15. Rxd1 Ng6 16. Bg3 Bxf3 17. Bxf3 Ngxe5 18. Bxe5 Nxe5 19. Be4 g6 20. f4 Nc4 21. Kf2 Nd6 22. Bd3 f5 23. Re1 1/2-1/2

[Event "CZE-ch U14"]
[Site "Kouty nad Desnou"]
[Date "2010.03.11"]
[Round "7"]
[White "Hlavacek, Ondrej"]
[Black "Bocek, Tadeas"]
[Result "1-0"]
[WhiteElo "1609"]
[BlackElo "1721"]
[PlyCount "65"]
[EventDate "2010.03.06"]
[EventType "swiss"]
[EventRounds "9"]
[EventCountry "CZE"]
[SourceTitle "EXT 2012"]
[Source "ChessBase"]
[SourceDate "2011.11.24"]
[SourceVersion "1"]
[SourceVersionDate "2011.11.24"]
[SourceQuality "1"]

1. d4 e6 2. c4 d5 3. e3 Nf6 4. Nc3 Be7 5. Nf3 0-0 6. Bd3 b6 7. 0-0 Bb7 8. b3 Nbd7 9. Bb2 c5 10. Rc1 Rc8 11. Rc2 Bd6 12. Nb5 Bb8 13. Qe2 Re8 14. Ne5 Nxe5 15. dxe5 Nd7 16. f4 a6 17. Na3 dxc4 18. bxc4 Nf8 19. Rd2 Qh4 20. Nc2 Qh6 21. Ne1 Ng6 22. Nf3 Ne7 23. Ng5 g6 24. Be4 Bxe4 25. Nxe4 Red8 26. Nf6+ Kh8 27. Rf3 Qg7 28. Rh3 h6 29. Ng4 Nf5 30. e4 Ne7 31. Rxh6+ Kg8 32. Nf6+ Kf8 33. Rh7 1-0

[Event "CZE Czechia-ch U14"]
[Site "Harrachov"]
[Date "2009.10.27"]
[Round "4"]
[White "Hlavacek, Ondrej"]
[Black "Ta, Van Duy"]
[Result "1/2-1/2"]
[WhiteElo "1548"]
[BlackElo "1700"]
[PlyCount "94"]
[EventDate "2009.10.24"]
[EventType "swiss"]
[EventRounds "9"]
[EventCountry "CZE"]
[SourceTitle "EXT 2012"]
[Source "ChessBase"]
[SourceDate "2011.11.24"]
[SourceVersion "1"]
[SourceVersionDate "2011.11.24"]
[SourceQuality "1"]

1. d4 Nf6 2. c4 g6 3. Nf3 Bg7 4. Nc3 0-0 5. e3 d6 6. Bd3 Nbd7 7. 0-0 e5 8. Qb3 Qe7 9. dxe5 dxe5 10. e4 c6 11. Bg5 Qe6 12. Rfd1 Ne8 13. Rd2 f6 14. Bh4 Bh6 15. Re2 Nd6 16. Na4 b6 17. Rd1 Nb7 18. Qc3 Nbc5 19. Nxc5 Nxc5 20. Bc2 Ba6 21. b4 Qxc4 22. Qxc4+ Bxc4 23. Ree1 Na6 24. a3 g5 25. Bg3 Rfd8 26. h4 g4 27. Nh2 Be6 28. Rd3 Bf8 29. Bb3 Bxb3 30. Rxb3 h5 31. f3 gxf3 32. Rxf3 Kg7 33. Rf5 Kg6 34. Nf3 Bg7 35. Rf1 Rd6 36. Bf2 Rd3 37. Bg3 Rd6 38. Bf2 Rad8 39. Nh2 Nc7 40. g4 hxg4 41. Nxg4 Ne8 42. Kh2 Rd1 43. Be1 R8d6 44. Rg1 Kh7 45. Rh5+ Kg6 46. Rf5 Kh7 47. Rh5+ Kg6 1/2-1/2

[Event "CZE Czechia-ch U14"]
[Site "Harrachov"]
[Date "2009.10.26"]
[Round "3"]
[White "Hrdina, Robin"]
[Black "Hlavacek, Ondrej"]
[Result "0-1"]
[WhiteElo "1859"]
[BlackElo "1548"]
[PlyCount "96"]
[EventDate "2009.10.24"]
[EventType "swiss"]
[EventRounds "9"]
[EventCountry "CZE"]
[SourceTitle "EXT 2012"]
[Source "ChessBase"]
[SourceDate "2011.11.24"]
[SourceVersion "1"]
[SourceVersionDate "2011.11.24"]
[SourceQuality "1"]

1. e4 c6 2. d4 d5 3. f3 g6 4. c4 Bg7 5. Be3 e6 6. Nc3 Ne7 7. Qd2 0-0 8. h4 Qc7 9. h5 dxc4 10. hxg6 Qg3+ 11. Bf2 Qxg6 12. Rh3 b5 13. Rg3 Qh5 14. f4 f5 15. a3 Qf7 16. Nh3 h6 17. Be2 Nd7 18. e5 Nb6 19. Bf3 Nbd5 20. Qe2 Nxc3 21. bxc3 Nd5 22. Bh5 Qe7 23. Rf3 Bd7 24. g4 Be8 25. Bxe8 Qxe8 26. g5 Qh5 27. Kd2 Kf7 28. Rg1 Rg8 29. Rh1 Ke8 30. Be3 hxg5 31. fxg5 Bf8 32. Nf2 Qg6 33. Rg3 f4 34. Bxf4 Nxf4 35. Qf3 Nd5 36. Ne4 Bg7 37. Rhg1 Kd7 38. Nf6+ Nxf6 39. gxf6 Bh6+ 40. Ke1 Qb1+ 41. Kf2 Qc2+ 42. Kf1 Qc1+ 43. Kg2 Rxg3+ 44. Qxg3 Qd2+ 45. Kf1 Rh8 46. Qf3 Bf8 47. Rg7+ Bxg7 48. fxg7 Qc1+ 0-1

[Event "CZE Czechia-ch U14"]
[Site "Harrachov"]
[Date "2009.10.25"]
[Round "2"]
[White "Hlavacek, Ondrej"]
[Black "Riha, Jaroslav"]
[Result "1/2-1/2"]
[WhiteElo "1548"]
[BlackElo "1704"]
[PlyCount "100"]
[EventDate "2009.10.24"]
[EventType "swiss"]
[EventRounds "9"]
[EventCountry "CZE"]
[SourceTitle "EXT 2012"]
[Source "ChessBase"]
[SourceDate "2011.11.24"]
[SourceVersion "1"]
[SourceVersionDate "2011.11.24"]
[SourceQuality "1"]

1. d4 Nf6 2. c4 g6 3. Nc3 Bg7 4. Nf3 0-0 5. e3 d5 6. Qb3 c6 7. Be2 e6 8. 0-0 Qc7 9. Ne5 Nbd7 10. f4 Rd8 11. Rf3 dxc4 12. Bxc4 Nb6 13. Bd3 Nbd5 14. a3 c5 15. Qc4 cxd4 16. Nxd5 Nxd5 17. e4 Qxc4 18. Nxc4 Ne7 19. b4 Bd7 20. Bb2 Bb5 21. Na5 Bxd3 22. Rxd3 b6 23. Nb3 Rac8 24. Rad1 Rc2 25. Bxd4 Rdc8 26. Bxg7 Kxg7 27. Rd7 R8c7 28. R1d2 R2c3 29. Rxc7 Rxc7 30. Nd4 a6 31. Ne2 Rb7 32. Kf2 Nc8 33. g4 Rc7 34. Ke3 Kf8 35. h4 Ke7 36. e5 Na7 37. Rd6 Rc6 38. Rxc6 Nxc6 39. Nd4 Nxd4 40. Kxd4 Kd7 41. a4 Kc6 42. Kc4 a5 43. b5+ Kd7 44. Kd4 Ke7 45. g5 Kf8 46. Ke4 Kg7 47. Kf3 Kf8 48. Kg4 Ke7 49. h5 Kd7 50. hxg6 hxg6 1/2-1/2

[Event "CZE-ch U14"]
[Site "Sec u Chrudimi"]
[Date "2008.11.01"]
[Round "9"]
[White "Hlavacek, Ondrej"]
[Black "Kopriva, Martin"]
[Result "1-0"]
[WhiteElo "1612"]
[BlackElo "1384"]
[PlyCount "51"]
[EventDate "2008.10.25"]
[EventType "swiss"]
[EventRounds "9"]
[EventCountry "CZE"]
[SourceTitle "EXT 2022"]
[Source "ChessBase"]
[SourceDate "2021.10.06"]
[SourceVersion "1"]
[SourceVersionDate "2021.10.06"]
[SourceQuality "1"]

1. e4 e5 2. f4 exf4 3. Nf3 d5 4. exd5 Nf6 5. d4 Nxd5 6. Bc4 Nf6 7. Bxf4 Bd6 8. Bxd6 Qxd6 9. Qe2+ Qe7 10. Qxe7+ Kxe7 11. Nc3 Re8 12. 0-0-0 c6 13. Rhe1+ Kf8 14. Rxe8+ Nxe8 15. Ng5 Nd6 16. Nxh7+ Kg8 17. Bd3 f6 18. Rf1 Nd7 19. g4 c5 20. g5 f5 21. dxc5 Nxc5 22. g6 Nxd3+ 23. cxd3 Bd7 24. Ng5 Be8 25. Nd5 Nc8 26. Nc7 1-0

[Event "CZE-ch U14"]
[Site "Sec u Chrudimi"]
[Date "2008.10.31"]
[Round "8"]
[White "Cesanek, Jaroslav1"]
[Black "Hlavacek, Ondrej"]
[Result "1-0"]
[WhiteElo "1377"]
[BlackElo "1612"]
[PlyCount "87"]
[EventDate "2008.10.25"]
[EventType "swiss"]
[EventRounds "9"]
[EventCountry "CZE"]
[SourceTitle "EXT 2022"]
[Source "ChessBase"]
[SourceDate "2021.10.06"]
[SourceVersion "1"]
[SourceVersionDate "2021.10.06"]
[SourceQuality "1"]

1. e4 c6 2. d4 d5 3. exd5 cxd5 4. Nf3 Bg4 5. c3 Nd7 6. Bf4 Ngf6 7. Be2 e6 8. Nbd2 Be7 9. Ne5 Bxe2 10. Qxe2 0-0 11. 0-0 h6 12. Ndf3 Ne4 13. Rad1 Nxe5 14. Nxe5 Bg5 15. Qg4 Bxf4 16. Qxf4 Qa5 17. f3 Nf6 18. Ra1 Qb5 19. Rf2 Rac8 20. Qd2 Rc7 21. Qd3 Qxd3 22. Nxd3 Nd7 23. Ne5 Nxe5 24. dxe5 Rc6 25. Re2 Rfc8 26. Kf2 b5 27. Ke3 a5 28. Rc1 b4 29. Rec2 f6 30. exf6 gxf6 31. Kd3 Kf7 32. cxb4 Rxc2 33. Rxc2 Rxc2 34. Kxc2 axb4 35. Kb3 Ke7 36. Kxb4 d4 37. Kc4 e5 38. b4 Kd7 39. b5 Kc7 40. a4 Kb6 41. h3 h5 42. g4 h4 43. f4 Ka5 44. fxe5 1-0

[Event "CZE-ch U14"]
[Site "Sec u Chrudimi"]
[Date "2008.10.28"]
[Round "5"]
[White "Hlavacek, Ondrej"]
[Black "Cizinsky, Petr"]
[Result "0-1"]
[WhiteElo "1612"]
[BlackElo "1998"]
[PlyCount "56"]
[EventDate "2008.10.25"]
[EventType "swiss"]
[EventRounds "9"]
[EventCountry "CZE"]
[SourceTitle "EXT 2022"]
[Source "ChessBase"]
[SourceDate "2021.10.06"]
[SourceVersion "1"]
[SourceVersionDate "2021.10.06"]
[SourceQuality "1"]

1. g3 d5 2. Nf3 Nf6 3. Bg2 c5 4. 0-0 e6 5. d3 Nc6 6. Nbd2 Be7 7. e4 0-0 8. Qe2 dxe4 9. Nxe4 Nd5 10. Be3 b6 11. a3 Bb7 12. Rad1 Qc7 13. c4 Nxe3 14. fxe3 Rad8 15. Nc3 Rd7 16. Qc2 Rfd8 17. Rd2 Ne5 18. Nxe5 Qxe5 19. e4 Qg5 20. Re1 Bf6 21. Kh1 h5 22. Nd1 h4 23. gxh4 Qxh4 24. Rf1 Be5 25. h3 Qg3 26. Bf3 Qxh3+ 27. Kg1 Bd4+ 28. Nf2 Qxf3 0-1

[Event "CZE-ch U14"]
[Site "Sec u Chrudimi"]
[Date "2008.10.28"]
[Round "4"]
[White "Hlavacek, Ondrej"]
[Black "Holub, Jan1"]
[Result "1-0"]
[WhiteElo "1612"]
[BlackElo "1347"]
[PlyCount "121"]
[EventDate "2008.10.25"]
[EventType "swiss"]
[EventRounds "9"]
[EventCountry "CZE"]
[SourceTitle "EXT 2022"]
[Source "ChessBase"]
[SourceDate "2021.10.06"]
[SourceVersion "1"]
[SourceVersionDate "2021.10.06"]
[SourceQuality "1"]

1. e4 d5 2. exd5 Qxd5 3. Nc3 Qa5 4. d4 c6 5. Bf4 Bf5 6. Bd3 Bg6 7. Nf3 Nd7 8. 0-0 e6 9. a3 Ngf6 10. b4 Qd8 11. Ne2 Be7 12. Ne5 Nxe5 13. Bxe5 Bd6 14. Bxg6 fxg6 15. Nf4 Qe7 16. Bxd6 Qxd6 17. Nxe6 Qxe6 18. Re1 Ne4 19. Qf3 0-0-0 20. Rxe4 Qc4 21. Rc1 Rd7 22. Qb3 Qxb3 23. cxb3 Rhd8 24. Rd1 b6 25. Kf1 c5 26. bxc5 bxc5 27. Rc1 Rd5 28. Rxc5+ Rxc5 29. dxc5 Rd1+ 30. Ke2 Ra1 31. a4 Ra2+ 32. Ke3 Ra3 33. Rb4 Kc7 34. Kd4 Ra2 35. Ke3 Kc6 36. Rc4 Ra3 37. Rc3 a5 38. h4 h6 39. g3 h5 40. f3 Ra1 41. Kf4 Rg1 42. g4 hxg4 43. fxg4 Rh1 44. Kg5 Rh2 45. Rc4 Rh3 46. Kxg6 Rxh4 47. Kxg7 Rh3 48. b4 axb4 49. Rxb4 Kxc5 50. Rf4 Rb3 51. g5 Rb7+ 52. Rf7 Rb4 53. a5 Ra4 54. g6 Kd6 55. a6 Kc6 56. Kg8 Kb6 57. a7 Rxa7 58. Rxa7 Kxa7 59. Kf7 Kb7 60. g7 Kc7 61. g8Q 1-0

[Event "CZE-ch U12"]
[Site "Sec u Chrudimi"]
[Date "2008.03.09"]
[Round "2"]
[White "Hlavacek, Ondrej"]
[Black "Szotkowski, Jakub"]
[Result "1-0"]
[WhiteElo "1691"]
[BlackElo "1511"]
[PlyCount "61"]
[EventDate "2008.03.08"]
[EventType "swiss"]
[EventRounds "9"]
[EventCountry "CZE"]
[SourceTitle "EXT 2009"]
[Source "ChessBase"]
[SourceDate "2008.11.26"]
[SourceVersion "1"]
[SourceVersionDate "2008.11.26"]
[SourceQuality "1"]

1. e4 e6 2. d4 d5 3. Nc3 Nf6 4. Bg5 Be7 5. e5 Nfd7 6. Bxe7 Qxe7 7. f4 c5 8. Nb5 Nb6 9. Nd6+ Kd8 10. dxc5 N6d7 11. b4 f6 12. Qh5 Rf8 13. Bb5 g6 14. exf6 Qxf6 15. Qg5 Qxg5 16. fxg5 Nc6 17. Bxc6 bxc6 18. Nf3 e5 19. 0-0 a5 20. a3 Rf4 21. Rfe1 e4 22. Nd4 Ne5 23. Nb7+ Kc7 24. Nxa5 Rg4 25. Rf1 Rxg5 26. Naxc6 Nf3+ 27. Kh1 Nxd4 28. Nxd4 h5 29. Rf7+ Kd8 30. Raf1 Bf5 31. Rf8+ 1-0

[Event "Tabor op"]
[Site "Tabor"]
[Date "2007.08.03"]
[Round "7"]
[White "Hanzl, Miroslav"]
[Black "Hlavacek, Ondrej"]
[Result "1/2-1/2"]
[WhiteElo "1636"]
[BlackElo "1485"]
[PlyCount "33"]
[EventDate "2007.07.29"]
[EventType "swiss"]
[EventRounds "9"]
[EventCountry "CZE"]
[SourceTitle "EXT 2009"]
[Source "ChessBase"]
[SourceDate "2008.11.26"]
[SourceVersion "1"]
[SourceVersionDate "2008.11.26"]
[SourceQuality "1"]

1. e4 c6 2. c4 d5 3. e5 e6 4. d4 Bd7 5. c5 g6 6. Be3 Bg7 7. Qd2 Ne7 8. Bd3 0-0 9. Bh6 Nf5 10. Bxf5 exf5 11. Bxg7 Kxg7 12. f4 Be6 13. Nf3 Nd7 14. 0-0 h5 15. Qf2 Qe7 16. Nbd2 Rg8 17. Ng5 1/2-1/2

[Event "Tabor op"]
[Site "Tabor"]
[Date "2007.07.31"]
[Round "4"]
[White "Novotny, Pavel"]
[Black "Hlavacek, Ondrej"]
[Result "1-0"]
[WhiteElo "1841"]
[BlackElo "1485"]
[PlyCount "105"]
[EventDate "2007.07.29"]
[EventType "swiss"]
[EventRounds "9"]
[EventCountry "CZE"]
[SourceTitle "EXT 2009"]
[Source "ChessBase"]
[SourceDate "2008.11.26"]
[SourceVersion "1"]
[SourceVersionDate "2008.11.26"]
[SourceQuality "1"]

1. d4 c6 2. c4 d5 3. Nc3 Bf5 4. Qb3 b6 5. cxd5 cxd5 6. Qxd5 Qxd5 7. Nxd5 Kd7 8. e3 e6 9. Nc3 Nf6 10. Bb5+ Kd8 11. Nf3 Bd6 12. Ng5 Ke7 13. e4 h6 14. e5 hxg5 15. exd6+ Kxd6 16. Bxg5 Ke7 17. f3 Rd8 18. Rd1 a6 19. Ba4 b5 20. Bb3 Ra7 21. Ne4 Rad7 22. Nxf6 gxf6 23. Be3 Nc6 24. d5 exd5 25. Bc5+ Ke8 26. Kf2 Be6 27. h4 Ne7 28. h5 Kf8 29. h6 Kg8 30. Bd4 Kh7 31. Bxf6 d4 32. Bc2+ d3 33. Bb1 Bf5 34. g4 Bg6 35. f4 Re8 36. Bxe7 Rdxe7 37. f5 Re2+ 38. Kf3 R2e3+ 39. Kf4 R8e4+ 40. Kg5 Re8 41. Bxd3 Rg8 42. fxg6+ fxg6 43. Rhe1 Rxe1 44. Rxe1 Rc8 45. Bxg6+ Kg8 46. Re8+ Rxe8 47. Bxe8 a5 48. Bxb5 Kh8 49. Kf6 Kh7 50. Bd3+ Kg8 51. g5 a4 52. g6 a3 53. g7 1-0

[Event "Usti nad Labem op U10/12"]
[Site "Usti nad Labem"]
[Date "2007.06.27"]
[Round "7"]
[White "Cizinsky, Petr"]
[Black "Hlavacek, Ondrej"]
[Result "0-1"]
[WhiteElo "1383"]
[BlackElo "1485"]
[PlyCount "90"]
[EventDate "2007.06.21"]
[EventType "swiss"]
[EventRounds "7"]
[EventCountry "CZE"]
[SourceTitle "EXT 2008"]
[Source "ChessBase"]
[SourceDate "2007.11.25"]
[SourceVersion "1"]
[SourceVersionDate "2007.11.25"]
[SourceQuality "1"]

1. e4 c6 2. d4 d5 3. exd5 cxd5 4. c4 e6 5. Nf3 Nc6 6. Nc3 h6 7. Be2 Nf6 8. 0-0 Be7 9. Be3 0-0 10. a3 b6 11. cxd5 Nxd5 12. Nxd5 Qxd5 13. Rc1 Bb7 14. Bc4 Qd6 15. Qd2 Bf6 16. Bf4 Qd8 17. Rfd1 Rc8 18. Be3 Qd6 19. Bd3 Rfd8 20. Bf4 Qe7 21. Be5 Kh8 22. Qe3 a6 23. Be2 Bxe5 24. Nxe5 Nxe5 25. dxe5 Rxd1+ 26. Bxd1 Rxc1 27. Qxc1 Qd7 28. Bb3 Qb5 29. Qe3 Qc6 30. f3 Qc7 31. Qc3 Qxc3 32. bxc3 Kg8 33. Kf2 Kf8 34. h4 Ke7 35. f4 Kd7 36. g3 Kc6 37. Kf3 Kc5+ 38. Ke3 Bd5 39. Bxd5 Kxd5 40. Kd3 b5 41. g4 g6 42. h5 gxh5 43. gxh5 a5 44. c4+ bxc4+ 45. Kc3 Kc5 0-1

[Event "Usti nad Labem op U10/12"]
[Site "Usti nad Labem"]
[Date "2007.06.26"]
[Round "6"]
[White "Hlavacek, Ondrej"]
[Black "Musil, Jiri"]
[Result "1/2-1/2"]
[WhiteElo "1485"]
[BlackElo "1550"]
[PlyCount "58"]
[EventDate "2007.06.21"]
[EventType "swiss"]
[EventRounds "7"]
[EventCountry "CZE"]
[SourceTitle "EXT 2008"]
[Source "ChessBase"]
[SourceDate "2007.11.25"]
[SourceVersion "1"]
[SourceVersionDate "2007.11.25"]
[SourceQuality "1"]

1. e4 e5 2. Nf3 Nc6 3. Bc4 Bc5 4. c3 Nf6 5. d4 exd4 6. cxd4 Bb4+ 7. Bd2 Bxd2+ 8. Nbxd2 d5 9. exd5 Nxd5 10. Qb3 Nce7 11. 0-0 0-0 12. Rfe1 c6 13. Rac1 Qb6 14. Bxd5 Nxd5 15. Qxb6 axb6 16. a3 f6 17. h3 Bf5 18. Nc4 Rfd8 19. Ne3 Nxe3 20. fxe3 Re8 21. Rc3 Rad8 22. Kf2 Kf7 23. Nd2 c5 24. Nb3 cxd4 25. Nxd4 Be4 26. Rc7+ Re7 27. Rec1 Rdd7 28. Rxd7 Rxd7 29. Rc3 Bd5 1/2-1/2